Most common surnames in Mexico - Statistics

General Stats
  • This quiz has been taken 36 times
  • The average score is 8 of 20
Answer Stats
Answer % Correct
Lopez
73%
Garcia
70%
Hernandez
70%
Sanchez
60%
Martinez
57%
Rodriguez
57%
Gomez
50%
Gonzalez
50%
Diaz
43%
Gutierrez
43%
Perez
37%
Jimenez
33%
Ramirez
33%
Torres
30%
Flores
27%
Cruz
20%
Reyes
13%
Vazquez
13%
Mendoza
10%
Morales
10%
No matching quizzes found
Score Distribution
Percent of People with Each Score
Percentile by Number Answered
Your Score History
You have not taken this quiz